000 00542nam a2200193Ia 4500
005 20250508150824.0
008 008 250505s9999 xx 000 0 eng d
037 _aBooks to be hide in OPAC
040 _aFEDL
_beng
_cFEDL
041 _aeng
_2eng
084 _a574.03, ABE
_qFEDL
100 _aAbercrombie M
245 0 _aDictionary of biology
260 _aHarmondsworth
_bPenguin Books
_c1951
300 _a246p.
700 _a Hickman C J Johnson M L
_9757730
942 _cHB
_h574.03, ABE
999 _c1325886
_d1325886